000 00603nam a2200181Ia 4500
008 090124s9999 xx 000 0 und d
082 _b32894
100 _aकर्णिक मधु मंगेश
245 _a दूत पर्जन्याचा
250 _a1
260 _bवसंतराव नाईक
_c1994
300 _a157
600 _aकर्णिक मधु मंगेश
630 _a दूत पर्जन्याचा
700 _aकर्णिक मधु मंगेश
730 _a दूत पर्जन्याचा
942 _cBOOK
999 _c98830
_d98830